|
|
|
|
| LEADER |
00000nam0a2200000 4500 |
| 001 |
46034 |
| 005 |
20231101211007.0 |
| 035 |
|
|
|a (RuTPU)RU\TPU\book\47944
|
| 090 |
|
|
|a 46034
|
| 100 |
|
|
|a 20021219d1975 k y0rusy50 ca
|
| 101 |
1 |
|
|a rus
|c pol
|
| 102 |
|
|
|a RU
|
| 105 |
|
|
|a a z 001zy
|
| 200 |
1 |
|
|a Реакции кислот и оснований в аналитической химии
|e пер. с пол.
|f А. Гуляницкий
|
| 210 |
|
|
|a Москва
|c Мир
|d 1975
|
| 215 |
|
|
|a 239 с.
|c ил.
|
| 320 |
|
|
|a Библиогр.: с. 229-232.
|
| 606 |
1 |
|
|a Кислоты и основания, теория
|2 stltpush
|3 (RuTPU)RU\TPU\subj\73331
|9 86364
|
| 606 |
1 |
|
|a Аналитическая химия
|2 stltpush
|3 (RuTPU)RU\TPU\subj\67454
|9 83247
|
| 610 |
1 |
|
|a реакции
|
| 610 |
1 |
|
|a pH
|
| 610 |
1 |
|
|a титрование
|
| 610 |
1 |
|
|a свойства
|
| 610 |
1 |
|
|a молекулы
|
| 610 |
1 |
|
|a строение
|
| 675 |
|
|
|a 544.36
|v 3
|
| 675 |
|
|
|a 543
|v 3
|
| 700 |
|
1 |
|a Гуляницкий
|b А.
|g Адам
|
| 801 |
|
1 |
|a RU
|b 63413507
|c 20021219
|g PSBO
|
| 801 |
|
2 |
|a RU
|b 63413507
|c 20140916
|g PSBO
|
| 942 |
|
|
|c BK
|